Dendara : les fêtes d'Hathor /

محفوظ في:

المؤلف الرئيسي: Cauville, Sylvie (مؤلف)

التنسيق: كتاب

اللغة: French

منشور في: Leuven ; Stirling, VA : Uitgeverij peeters, 2002.

سلاسل: Orientalia Lovaniensia analecta ; 105.
OLA ; 105.

الموضوعات:

الوسوم: إضافة وسم

لا توجد وسوم, كن أول من يضع وسما على هذه التسجيلة!

رقم الطلب: DS1 .O7 v.105

LEADER 00898nam a2200253Ia 4500
003 OSt
005 20251117123351.0
008 211223s2002 be af 000 0 fre c
020 |a 9042910976 
040 |c ARCE Library 
050 4 |a DS1 .O7 v.105 
100 1 |a Cauville, Sylvie,   |e author 
245 1 0 |a Dendara :   |b les fêtes d'Hathor /   |c par S. Cauville ; composition hiéroglyphique, J. Hallof et H. van den Berg ; photographies, A. Lecler. 
264 1 |a Leuven ;   |a Stirling, VA :   |b Uitgeverij peeters,   |c 2002. 
300 |a 141 p., 37, xlv p. of plates :   |b ill. ;   |c 25 cm. 
490 0 |a Orientalia Lovaniensia analecta ;   |v 105. 
490 0 |a OLA ;   |v 105. 
650 0 |a Hathor (Egyptian deity)   |x cult. 
650 0 |a Inscriptions, Egyptian. 
650 0 |a Egyptian language   |z Egypt   |z Dandara. 
651 O |a Dandara (Egypt)   |x Antiquities. 
901 |a reviewed 
942 |2 lcc  |c BK 
999 |c 41310  |d 41310